Anuario Internacional CIDOB 1991 : cambios y actores en la realidad internacional 91, algunas claves para interpretarlos / Coordinación: Anna Borrull, Carmen Claudín cambios y actores en la realidad internacional 91, algunas claves para interpretarlos / Coordinación:
ISBN:
84-87072-06-2
Descripción Física:
607 p. : a dues columnes ; 27 cm
Otros Autores:
Claudín, Carmen
MARC
| LEADER | 00000nam a2200000Ia 4500 | ||
|---|---|---|---|
| 001 | 11101 | ||
| 008 | 160829s1992 xx 000 0 cat d | ||
| 020 | |a 84-87072-06-2 | ||
| 080 | |a M-1-192 | ||
| 245 | |a Anuario Internacional CIDOB 1991 : |b cambios y actores en la realidad internacional 91, algunas claves para interpretarlos / Coordinación: |b Anna Borrull, Carmen Claudín | ||
| 260 | |a Barcelona : |b Fundació CIDOB, |c 1992 | ||
| 300 | |a 607 p. : |b a dues columnes ; |c 27 cm | ||
| 650 | 0 | |a Cooperació internacional |9 20418 | |
| 650 | |a Espanya |x Relacions exteriors |9 33331 | ||
| 650 | |a Política mundial |x Anuaris |9 33332 | ||
| 700 | 1 | |a Claudín, Carmen |9 36069 | |
| 710 | 2 | |a Centre d'Informació i Documentació Internacionals a Barcelona (CIDOB) |9 52934 | |
| 901 | |a Arxiu | ||
| 942 | |n 1 | ||
| 952 | |0 0 |1 0 |4 0 |6 M1192 |7 1 |9 47165 |a Arxiu |b Arxiu |d 2016-12-01 |l 0 |o M-1-192 |p 11101 |r 2016-12-01 00:00:00 |w 2016-12-01 |y ARXIU | ||
| 999 | |c 50962 |d 50962 | ||